000 00395nam a2200157Ia 4500
005 20250519024356.0
008 240331s9999 xx 000 0 und d
020 _a9558121010
082 _a301
_bKAR
100 _aKarunathilaka, K
245 0 _aSamaja viddya niyaya
260 _aKadawatha
_bMalinga Publishers
_c1998
300 _a200 p .,
650 _aSocial Science Methodology
942 _cL
999 _c1017
_d1017